000 00670nam a2200241Ia 4500
003 OSt
005 20220918205853.0
006 a|||||r|||| 00| 0
007 ta
008 220917b |||||||| |||| 00| 0 eng d
024 _a118,241
037 _cTextual
040 _aARTS
_cARTS
_beng
041 _2eng
_aeng
082 _aV73:1:M7, K12
100 _aEaton Clement
_9116436
245 0 _aGrowth of Southern civilization 1790-1860
260 _c1961
490 _aNew American nation seried ed by Henry Steele Commager and Richard B Morris
650 _aHISTORY
942 _hV73:1:M7, K12
_cTEXL
_2CC
999 _c241512
_d241512